[Event "Acropolis 2007"]
[Site "Athens"]
[Date "2007.08.21"]
[Round "8.37"]
[White "Kokolias, Konstantinos"]
[Black "Grapsa, Georgia"]
[Result "1/2-1/2"]
[WhiteElo "2224"]
[BlackElo "2076"]
[Annotator "Michailidis Anastasios"]
[PlyCount "65"]
[EventDate "2007.08.14"]
[Source "Greek Chess Fed"]

1. e4 c5 2. g3 d6 3. Bg2 Nc6 4. d3 g6 5. f4 Bg7 6. Nf3 e6 7. O-O Nge7 8. c3 O-O
9. Na3 f5 10. Nc4 b5 11. Ne3 Rb8 12. exf5 exf5 13. Qb3+ d5 14. Ne5 Nxe5 15.
fxe5 Be6 16. d4 b4 17. Qa4 Qc7 18. Bd2 Kh8 19. Rac1 bxc3 20. Rxc3 c4 21. Nd1
Nc6 22. Rxc4 dxc4 23. Bxc6 Qd8 24. Bc3 f4 25. gxf4 Rxf4 26. Rxf4 Qg5+ 27. Bg2
Qxf4 28. d5 Bg4 29. e6 Bxc3 30. bxc3 Rb1 31. Qe8+ Kg7 32. Qe7+ Kg8 33. Qd8+
1/2-1/2

[Event "Acropolis 2007"]
[Site "Athens"]
[Date "2007.08.21"]
[Round "8.38"]
[White "Delithanasis, Dimitrios"]
[Black "Georgieva, Emilia"]
[Result "1/2-1/2"]
[WhiteElo "2217"]
[BlackElo "2023"]
[Annotator "Michailidis Anastasios"]
[PlyCount "216"]
[EventDate "2007.08.14"]
[Source "Greek Chess Fed"]

1. Nf3 d5 2. d4 Nf6 3. e3 c6 4. Bd3 g6 5. Nbd2 Bg4 6. b3 Bg7 7. Bb2 O-O 8. c4
e6 9. Qc2 Bxf3 10. gxf3 Nh5 11. h4 f5 12. f4 Nd7 13. c5 b6 14. cxb6 Qxb6 15.
Rc1 Rfc8 16. Ba3 Bxd4 17. exd4 Qxd4 18. Bb2 Qxf4 19. Be2 Nhf6 20. Qc3 e5 21.
Qe3 Qxe3 22. fxe3 c5 23. Kf2 h5 24. Rhg1 Ng4+ 25. Bxg4 hxg4 26. e4 d4 27. h5
gxh5 28. exf5 Rf8 29. Kg3 Rxf5 30. Rgf1 Raf8 31. Rxf5 Rxf5 32. Ba3 Kf7 33. Bxc5
Nxc5 34. Rxc5 Ke6 35. b4 Rf7 36. b5 Kf5 37. Rc1 h4+ 38. Kxh4 Rh7+ 39. Kg3 Rh3+
40. Kg2 Ra3 41. Ra1 Ke6 42. Nb3 Kf5 43. Kg3 e4 44. Rf1+ Ke5 45. Kxg4 d3 46.
Rf5+ Kd6 47. Nd2 Rxa2 48. Nxe4+ Kc7 49. Nc3 Rc2 50. Nd5+ Kd6 51. Ne3 Rc5 52.
Rf7 Rxb5 53. Rxa7 Rb3 54. Kf4 Rb4+ 55. Kf3 Rb3 56. Ke4 Kc6 57. Ra6+ Kd7 58. Ra2
Kc6 59. Kd4 Rb8 60. Kxd3 Rh8 61. Ra6+ Kb5 62. Rg6 Kc5 63. Rg5+ Kd6 64. Nc4+ Kc6
65. Kd4 Rh4+ 66. Kc3 Rh1 67. Na5+ Kd6 68. Nb3 Rh3+ 69. Kc4 Rh4+ 70. Nd4 Rh1 71.
Rd5+ Ke7 72. Re5+ Kd6 73. Re6+ Kd7 74. Rf6 Ra1 75. Rb6 Rh1 76. Nf5 Ra1 77. Rd6+
Kc7 78. Rh6 Rc1+ 79. Kd5 Rd1+ 80. Nd4 Rg1 81. Ne6+ Kb6 82. Nd4+ Kc7 83. Nb5+
Kb7 84. Nd6+ Kb6 85. Nc4+ Kb7 86. Rh7+ Ka6 87. Rh6+ Kb7 88. Rh7+ Ka6 89. Kc5
Rg5+ 90. Kb4 Rg4 91. Re7 Rh4 92. Re6+ Kb7 93. Kc5 Rh5+ 94. Ne5 Rh1 95. Re7+ Kc8
96. Nc4 Rc1 97. Kd5 Kd8 98. Rf7 Rd1+ 99. Ke6 Re1+ 100. Ne5 Kc8 101. Rh7 Re2
102. Kd6 Rd2+ 103. Kc5 Rc2+ 104. Nc4 Rc1 105. Kb5 Rc2 106. Nd6+ Kd8 107. Nb7+
Ke8 108. Nd6+ Kf8 1/2-1/2

[Event "Acropolis 2007"]
[Site "Athens"]
[Date "2007.08.21"]
[Round "8.39"]
[White "Sorokina, Anastasia"]
[Black "Stefanidi, Maria Anna"]
[Result "1-0"]
[WhiteElo "2208"]
[BlackElo "2092"]
[Annotator "Michailidis Anastasios"]
[PlyCount "59"]
[EventDate "2007.08.14"]
[Source "Greek Chess Fed"]

1. e4 c5 2. Nf3 d6 3. d4 cxd4 4. Nxd4 Nf6 5. Nc3 g6 6. Bc4 Bg7 7. h3 Nc6 8. Be3
Bd7 9. O-O O-O 10. f4 Rc8 11. Bb3 Qa5 12. Nf3 Qh5 13. Qd2 h6 14. Rae1 Rfd8 15.
Qf2 b6 16. e5 dxe5 17. fxe5 Nh7 18. Ne4 g5 19. Ng3 Qg6 20. Nh4 gxh4 21. Bxf7+
Qxf7 22. Qxf7+ Kh8 23. Nh5 Bxe5 24. Bxh6 Bd4+ 25. Kh1 Rg8 26. c3 Be8 27. Qf5
Bg6 28. Bg7+ Rxg7 29. Qxc8+ Rg8 30. Qxc6 1-0

[Event "Acropolis 2007"]
[Site "Athens"]
[Date "2007.08.21"]
[Round "8.40"]
[White "Iordanidou, Zoi"]
[Black "Makka, Ioulia"]
[Result "1/2-1/2"]
[WhiteElo "2005"]
[BlackElo "2187"]
[Annotator "Michailidis Anastasios"]
[PlyCount "119"]
[EventDate "2007.08.14"]
[Source "Greek Chess Fed"]

1. e4 e6 2. d3 d5 3. Nd2 c5 4. g3 Bd6 5. Bg2 Ne7 6. Ngf3 Nbc6 7. O-O O-O 8. Re1
Bc7 9. c3 b6 10. e5 a5 11. Nf1 Ba6 12. h4 d4 13. c4 Ra7 14. h5 h6 15. g4 Qb8
16. Bf4 f6 17. exf6 Bxf4 18. fxe7 Rxe7 19. Nh4 Ne5 20. Rxe5 Qxe5 21. Ng6 Qf6
22. Qe2 Ref7 23. Nxf8 Rxf8 24. Re1 Bc8 25. a3 Qh4 26. Bf3 Kh8 27. Qe4 Qf6 28.
Kg2 Bc7 29. Qe2 e5 30. Nd2 Qh4 31. Rh1 Qf6 32. Ne4 Qf4 33. Ng3 Bd8 34. b3 Bd7
35. Qd1 Be7 36. Qe2 a4 37. bxa4 Bxa4 38. Be4 Bg5 39. Rb1 Bd8 40. f3 Bd7 41. Bd5
Bc7 42. Nf1 Qg5 43. Be4 Rf4 44. Ng3 Rf8 45. Nf1 Ba4 46. Ng3 Be8 47. Rh1 Bd7 48.
Rb1 Bd8 49. Nf1 Bc7 50. Ng3 Bd8 51. Nf1 Qf4 52. Qd2 Qxd2+ 53. Nxd2 Ba4 54. Nf1
Bc7 55. Kf2 Bd8 56. Ke2 Rf7 57. Ng3 Ra7 58. Nf5 Bd7 59. Rb3 Kg8 60. Nd6 1/2-1/2

[Event "Acropolis 2007"]
[Site "Athens"]
[Date "2007.08.22"]
[Round "9.3"]
[White "Macieja, Bartlomiej"]
[Black "Banikas, Hristos"]
[Result "1/2-1/2"]
[WhiteElo "2596"]
[BlackElo "2567"]
[Annotator "Michailidis Anastasios"]
[PlyCount "47"]
[EventDate "2007.08.14"]
[Source "Greek Chess Fed"]

1. e4 c5 2. Nc3 d6 3. f4 g6 4. Nf3 Bg7 5. Bb5+ Bd7 6. Bc4 Nc6 7. a3 e6 8. d3
Nge7 9. Bb3 O-O 10. O-O Rb8 11. Kh1 b5 12. Ne2 d5 13. e5 f6 14. d4 cxd4 15.
exf6 Bxf6 16. Nexd4 Nxd4 17. Nxd4 Nf5 18. Nxf5 gxf5 19. c3 a5 20. Be3 b4 21.
axb4 axb4 22. c4 Bc6 23. Ra6 dxc4 24. Bxc4 1/2-1/2

[Event "Acropolis 2007"]
[Site "Athens"]
[Date "2007.08.22"]
[Round "9.4"]
[White "Gelashvili, Tamaz"]
[Black "Esen, Baris"]
[Result "1/2-1/2"]
[WhiteElo "2604"]
[BlackElo "2441"]
[Annotator "Michailidis Anastasios"]
[PlyCount "68"]
[EventDate "2007.08.14"]
[Source "Greek Chess Fed"]

1. b3 Nf6 2. Bb2 c5 3. e3 b6 4. Nf3 e6 5. Be2 Be7 6. O-O O-O 7. c4 Bb7 8. d4 d5
9. Nc3 Nbd7 10. cxd5 Nxd5 11. Nxd5 Bxd5 12. Rc1 Rc8 13. Ba6 Rc7 14. Qe2 Qa8 15.
Rfe1 Bb7 16. dxc5 Rxc5 17. Rcd1 Nf6 18. Bxb7 Qxb7 19. Bd4 Rcc8 20. Ne5 Rfd8 21.
Rc1 Nd7 22. Qg4 Nxe5 23. Bxe5 Bf8 24. h4 Rd5 25. Bd4 g6 26. Qf3 Bg7 27. Bxg7
Kxg7 28. Rxc8 Qxc8 29. e4 Rd7 30. h5 Qd8 31. Qf4 g5 32. Qg4 Qf6 33. g3 Rd2 34.
Re2 Rxe2 1/2-1/2

[Event "Acropolis 2007"]
[Site "Athens"]
[Date "2007.08.22"]
[Round "9.6"]
[White "Graf, Alexander"]
[Black "Mastrovasilis, Dimitrios"]
[Result "0-1"]
[WhiteElo "2595"]
[BlackElo "2541"]
[Annotator "Michailidis Anastasios"]
[PlyCount "90"]
[EventDate "2007.08.14"]
[Source "Greek Chess Fed"]

1. d4 d5 2. c4 c6 3. Nc3 Nf6 4. cxd5 cxd5 5. Bf4 Nc6 6. e3 a6 7. Be2 e6 8. Nf3
Be7 9. O-O O-O 10. Rc1 Bd7 11. Na4 Qa5 12. Qb3 b5 13. Nc5 Rfc8 14. Bd3 Qb6 15.
Bb1 Be8 16. Qd3 Nb4 17. Qd2 a5 18. Ne5 Na6 19. Nxa6 Qxa6 20. Qd3 Rxc1 21. Rxc1
Rc8 22. Rc2 Qb7 23. f3 g6 24. Qd1 b4 25. g4 Bb5 26. h4 Nd7 27. h5 Nxe5 28. Bxe5
Rc6 29. hxg6 hxg6 30. Qd2 Bd6 31. Bxd6 Rxd6 32. Qe1 Rc6 33. Rh2 Qe7 34. Kg2 e5
35. Qd2 Qf6 36. dxe5 Qxe5 37. f4 Qf6 38. g5 Qe6 39. Qd4 Qg4+ 40. Kf2 Qe2+ 41.
Kg3 Qe1+ 42. Kg2 Qf1+ 43. Kg3 Qg1+ 44. Rg2 Qxb1 45. Qxd5 Qd3 0-1

[Event "Acropolis 2007"]
[Site "Athens"]
[Date "2007.08.22"]
[Round "9.7"]
[White "Kotronias, Vasilios"]
[Black "Haznedaroglu, Kivanc"]
[Result "1-0"]
[WhiteElo "2602"]
[BlackElo "2440"]
[Annotator "Michailidis Anastasios"]
[PlyCount "69"]
[EventDate "2007.08.14"]
[Source "Greek Chess Fed"]

1. e4 c5 2. Nf3 Nc6 3. d4 cxd4 4. Nxd4 Qb6 5. Nb3 Nf6 6. Nc3 e6 7. Bd3 Be7 8.
Be3 Qc7 9. f4 d6 10. O-O a6 11. Kh1 O-O 12. Qf3 Nb4 13. a3 Nxd3 14. cxd3 b5 15.
Rac1 Qd7 16. Nd4 Bb7 17. Qh3 Rfc8 18. Rf3 Bf8 19. Rg3 g6 20. Rf1 Bg7 21. f5 e5
22. Nf3 Nh5 23. Rg5 Qe7 24. fxg6 fxg6 25. Rxh5 gxh5 26. Nh4 Rf8 27. Nf5 Rxf5
28. exf5 d5 29. f6 Bxf6 30. Bc5 Qf7 31. d4 Re8 32. dxe5 Rxe5 33. Bd4 Re6 34.
Qg3+ Kf8 35. Rxf6 1-0

[Event "Acropolis 2007"]
[Site "Athens"]
[Date "2007.08.22"]
[Round "9.8"]
[White "Danielian, Elina"]
[Black "Halkias, Stelios"]
[Result "0-1"]
[WhiteElo "2439"]
[BlackElo "2580"]
[Annotator "Michailidis Anastasios"]
[PlyCount "38"]
[EventDate "2007.08.14"]
[Source "Greek Chess Fed"]

1. d4 Nf6 2. Nf3 c5 3. d5 b5 4. Bg5 Qb6 5. Bxf6 Qxf6 6. e4 Qxb2 7. Nbd2 g5 8.
Rb1 Qxa2 9. Bxb5 Bg7 10. O-O h6 11. Qe2 O-O 12. Bc4 Qa5 13. e5 d6 14. Bd3 Nd7
15. Nc4 Qc7 16. exd6 exd6 17. Qe7 Ba6 18. Qe4 Nf6 19. Qf5 Bc8 0-1

[Event "Acropolis 2007"]
[Site "Athens"]
[Date "2007.08.22"]
[Round "9.9"]
[White "Rozentalis, Eduardas"]
[Black "Erdogdu, Mert"]
[Result "1-0"]
[WhiteElo "2551"]
[BlackElo "2423"]
[Annotator "Michailidis Anastasios"]
[PlyCount "143"]
[EventDate "2007.08.14"]
[Source "Greek Chess Fed"]

1. e4 c5 2. Nf3 d6 3. c3 Nf6 4. Be2 Bd7 5. d3 g6 6. O-O Bg7 7. h3 O-O 8. Re1
Nc6 9. Bf1 e5 10. Be3 Re8 11. Nbd2 h6 12. Rb1 b6 13. Nc4 d5 14. exd5 Nxd5 15.
Bd2 Qc7 16. a4 Rad8 17. Qb3 Be6 18. Rbd1 Kh7 19. Bc1 Nde7 20. Qc2 Nd5 21. g3
Re7 22. Bg2 Red7 23. Qe2 f6 24. Nh4 Bf7 25. g4 a6 26. Be4 Nde7 27. Qf3 b5 28.
Ne3 Na5 29. axb5 axb5 30. Nhg2 Kg8 31. h4 Bb3 32. h5 g5 33. Nf5 Bxd1 34. Nxe7+
Rxe7 35. Rxd1 c4 36. Ne3 Red7 37. Nd5 Qd6 38. Qf5 Kf8 39. Be3 Nb3 40. dxc4 bxc4
41. Kg2 Rf7 42. Bf3 Re8 43. Nf4 Qc7 44. Ne6+ Rxe6 45. Qxe6 Re7 46. Qd5 e4 47.
Bxe4 Re5 48. Qc6 Qxc6 49. Bxc6 f5 50. Rd8+ Ke7 51. Rd7+ Kf8 52. gxf5 Rxf5 53.
Bd5 Ke8 54. Rd6 Na5 55. Bb6 Ke7 56. Rd8 Nb7 57. Rg8 Bf6 58. Bxb7 Rb5 59. Bd8+
Kf7 60. Bxf6 Kxg8 61. Ba6 Rc5 62. Bd4 Rc7 63. Kf3 Kf7 64. Ke4 Ke6 65. f3 Rc6
66. Bb7 Rd6 67. Bc8+ Kf7 68. Ke5 Rf6 69. Bf5 Ra6 70. Bg6+ Kf8 71. Kd5 Ra2 72.
Bc5+ 1-0

[Event "Acropolis 2007"]
[Site "Athens"]
[Date "2007.08.22"]
[Round "9.10"]
[White "Morchiashvili, Bachana"]
[Black "Romanishin, Oleg M"]
[Result "0-1"]
[WhiteElo "2415"]
[BlackElo "2546"]
[Annotator "Michailidis Anastasios"]
[PlyCount "56"]
[EventDate "2007.08.14"]
[Source "Greek Chess Fed"]

1. d4 Nf6 2. c4 e6 3. Nf3 b6 4. g3 Bb4+ 5. Bd2 Be7 6. Bg2 Bb7 7. Nc3 O-O 8. O-O
Na6 9. Rc1 Re8 10. a3 d5 11. cxd5 exd5 12. Ne5 c5 13. Bf4 cxd4 14. Nb5 Nc5 15.
Bh3 Bf8 16. Nxd4 Nh5 17. b4 Nxf4 18. gxf4 Qh4 19. bxc5 Qxh3 20. c6 Ba6 21. Ndf3
Qf5 22. Qxd5 Rad8 23. Qa2 Qxf4 24. Rfd1 Rxd1+ 25. Rxd1 Rxe5 26. Nxe5 Qxe5 27.
Rd7 Qg5+ 28. Kh1 Qc1+ 0-1

[Event "Acropolis 2007"]
[Site "Athens"]
[Date "2007.08.22"]
[Round "9.12"]
[White "Dzagnidze, Nana"]
[Black "Grivas, Efstratios"]
[Result "1/2-1/2"]
[WhiteElo "2404"]
[BlackElo "2507"]
[Annotator "Michailidis Anastasios"]
[PlyCount "87"]
[EventDate "2007.08.14"]
[Source "Greek Chess Fed"]

1. d4 f5 2. Nc3 Nf6 3. Bg5 d5 4. Bxf6 exf6 5. e3 Be6 6. Bd3 Qd7 7. Nge2 Nc6 8.
Nf4 Bf7 9. Qf3 Nb4 10. a3 Nxd3+ 11. Nxd3 c6 12. Ne2 Bd6 13. h4 h5 14. Nc5 Qc8
15. b3 b6 16. Nd3 g6 17. Kd2 Qe6 18. c4 dxc4 19. Qxc6+ Ke7 20. Qb7+ Qd7 21.
Qxd7+ Kxd7 22. bxc4 Bxc4 23. Nef4 Bf7 24. Nb4 Bxf4 25. exf4 Rac8 26. Rhc1 Kd6
27. Rxc8 Rxc8 28. Nc2 Rc4 29. Kd3 Ra4 30. Kc3 Bd5 31. f3 Rc4+ 32. Kd3 Ra4 33.
Kc3 Rc4+ 34. Kd3 Rc8 35. Ne3 Bb7 36. Rg1 b5 37. Rb1 a6 38. a4 Bc6 39. a5 Bd5
40. Kd2 Bf7 41. Nc2 Bd5 42. Nb4 Bb7 43. Rc1 Rg8 44. Rc5 1/2-1/2

[Event "Acropolis 2007"]
[Site "Athens"]
[Date "2007.08.22"]
[Round "9.13"]
[White "Chatalbashev, Boris"]
[Black "Atakisi, Umut"]
[Result "1/2-1/2"]
[WhiteElo "2573"]
[BlackElo "2383"]
[Annotator "Michailidis Anastasios"]
[PlyCount "153"]
[EventDate "2007.08.14"]
[Source "Greek Chess Fed"]

1. c4 Nf6 2. Nc3 c5 3. g3 d5 4. cxd5 Nxd5 5. Bg2 Nc7 6. Qa4+ Qd7 7. Nf3 Nc6 8.
O-O e5 9. e3 Be7 10. Rd1 O-O 11. d4 exd4 12. exd4 Nxd4 13. Qxd7 Bxd7 14. Nxd4
cxd4 15. Rxd4 Be6 16. Bf4 Bf6 17. Rd3 Bf5 18. Re3 Ne6 19. Bd6 Rfe8 20. Bxb7
Rad8 21. Bc6 Rxd6 22. Bxe8 Rd2 23. Rae1 Rxb2 24. Nd5 Rxa2 25. Nxf6+ gxf6 26.
Bd7 Rd2 27. Bxe6 Bxe6 28. Ra3 f5 29. Ra4 a6 30. Rxa6 f4 31. Ra4 fxg3 32. hxg3
Kg7 33. Rf4 Rd5 34. Kg2 h5 35. Kf3 Ra5 36. Rd4 Kf6 37. Kf4 Rf5+ 38. Ke3 Ra5 39.
f3 Ra3+ 40. Kf2 Ra2+ 41. Re2 Ra1 42. Rb2 Ra5 43. Rdb4 Kg6 44. Rb5 Ra4 45. R2b4
Ra3 46. Rd4 Rc3 47. Rd8 Rc2+ 48. Ke3 Rc3+ 49. Rd3 Rc1 50. Rd4 Ra1 51. Kf4 Ra3
52. Re4 Ra8 53. Rg5+ Kh6 54. Ree5 Ra4+ 55. Ke3 Ra3+ 56. Kf2 Ra2+ 57. Ke1 Ra1+
58. Kd2 Ra2+ 59. Kc1 Ra1+ 60. Kb2 Ra2+ 61. Kb1 Rh2 62. Rg8 Kh7 63. Rb8 Kg6 64.
f4 Kf6 65. Rg8 Bf5+ 66. Ka1 Rh3 67. Rg5 Bg4 68. Re3 Bf5 69. Rc3 Rh2 70. Rc6+
Be6 71. Rgc5 Kg7 72. f5 Bb3 73. Rc3 Bd1 74. Rd3 Bg4 75. f6+ Kg6 76. Rd8 Be6 77.
Kb1 1/2-1/2

[Event "Acropolis 2007"]
[Site "Athens"]
[Date "2007.08.22"]
[Round "9.14"]
[White "Can, Emre"]
[Black "Nikolaidis, Ioannis"]
[Result "1/2-1/2"]
[WhiteElo "2411"]
[BlackElo "2525"]
[Annotator "Michailidis Anastasios"]
[PlyCount "116"]
[EventDate "2007.08.14"]
[Source "Greek Chess Fed"]

1. e4 c5 2. c3 e6 3. d4 d5 4. exd5 Qxd5 5. Nf3 Nf6 6. Na3 a6 7. Nc4 Nbd7 8. Bg5
cxd4 9. Qxd4 Bc5 10. Qxd5 Nxd5 11. a4 b6 12. Be2 Bb7 13. O-O f6 14. Bd2 e5 15.
Rfd1 O-O-O 16. Ne1 Kc7 17. Nd3 Rhe8 18. Nxc5 Nxc5 19. g3 Bc6 20. b4 Nxa4 21.
Rdc1 Bb5 22. Bf1 Kb7 23. Na5+ bxa5 24. c4 Bxc4 25. Rxc4 Nab6 26. Rh4 Nxb4 27.
Bxb4 axb4 28. Bxa6+ Kb8 29. Rxh7 Re7 30. Rh4 e4 31. f3 g5 32. Rh6 Rd6 33. fxe4
Rxe4 34. Bf1 Red4 35. Bg2 Rd1+ 36. Rxd1 Rxd1+ 37. Kf2 Rd2+ 38. Kf1 Nd7 39. Rh8+
Kc7 40. Be4 b3 41. Ke1 Rd4 42. Bb1 b2 43. Re8 Rc4 44. Kd2 Ne5 45. Re7+ Kb6 46.
Re6+ Kc5 47. Rxf6 g4 48. Rf5 Kd6 49. Rf6+ Kc7 50. Bh7 Nf3+ 51. Ke3 Rc3+ 52. Kf4
Nxh2 53. Kg5 Rc5+ 54. Kh4 Rc4 55. Rf4 Rc6 56. Kg5 Rc5+ 57. Kh4 Rc6 58. Kg5 Rc5+
1/2-1/2

[Event "Acropolis 2007"]
[Site "Athens"]
[Date "2007.08.22"]
[Round "9.15"]
[White "Dembo, Yelena"]
[Black "Papadopoulos, Ioannis"]
[Result "0-1"]
[WhiteElo "2464"]
[BlackElo "2395"]
[Annotator "Michailidis Anastasios"]
[PlyCount "82"]
[EventDate "2007.08.14"]
[Source "Greek Chess Fed"]

1. e4 c5 2. Nf3 d6 3. d4 cxd4 4. Nxd4 Nf6 5. Nc3 a6 6. Bc4 e6 7. Bb3 Be7 8. g4
O-O 9. g5 Nfd7 10. h4 Nc5 11. Be3 b5 12. Qg4 b4 13. Na4 Nxb3 14. axb3 Qc7 15.
O-O-O Nc6 16. Qg3 Nxd4 17. Bxd4 e5 18. Be3 Rb8 19. h5 f5 20. gxf6 Bxf6 21. Rhg1
Bd7 22. Rd2 Bxa4 23. bxa4 b3 24. Bg5 Bxg5 25. Qxg5 Rb7 26. Qh6 Qc4 27. Qxd6
Qxa4 28. Qa3 Qxe4 29. h6 g6 30. Qa5 Rd7 31. Qc3 Rxd2 32. Qxd2 Qxc2+ 33. Qxc2
bxc2 34. Re1 Rf5 35. Re3 Kf7 36. Ra3 Rxf2 37. Rxa6 e4 38. Ra3 Ke6 39. b4 Kd5
40. b5 Kc5 41. Re3 Kd4 0-1

[Event "Acropolis 2007"]
[Site "Athens"]
[Date "2007.08.22"]
[Round "9.16"]
[White "Logothetis, Sotirios"]
[Black "Managadze, Nikoloz"]
[Result "0-1"]
[WhiteElo "2300"]
[BlackElo "2433"]
[Annotator "Michailidis Anastasios"]
[PlyCount "70"]
[EventDate "2007.08.14"]
[Source "Greek Chess Fed"]

1. Nf3 c5 2. c4 d6 3. d4 cxd4 4. Nxd4 Nf6 5. Nc3 e6 6. e4 a6 7. Be2 Be7 8. O-O
O-O 9. Be3 Qc7 10. Qd2 b6 11. f3 Nbd7 12. Rfd1 Bb7 13. Rac1 Rac8 14. a3 Qb8 15.
b4 Rfe8 16. Bf1 h6 17. Kh1 Ne5 18. Na4 Nfd7 19. Nb3 Bc6 20. b5 axb5 21. cxb5
Ba8 22. Qf2 Rxc1 23. Rxc1 d5 24. Nxb6 dxe4 25. Nxd7 Nxd7 26. fxe4 Bxa3 27. Rd1
Nf6 28. Qa2 Bf8 29. Qd2 Nxe4 30. Qd4 Bd6 31. Bg1 Be5 32. Qd7 Bd5 33. Na5 Rd8
34. Qa7 Bxh2 35. Qxb8 Bxb8 0-1

[Event "Acropolis 2007"]
[Site "Athens"]
[Date "2007.08.22"]
[Round "9.17"]
[White "Moutousis, Konstantinos"]
[Black "Pavlidis, Anastasios"]
[Result "1-0"]
[WhiteElo "2428"]
[BlackElo "2182"]
[Annotator "Michailidis Anastasios"]
[PlyCount "115"]
[EventDate "2007.08.14"]
[Source "Greek Chess Fed"]

1. c4 Nf6 2. Nc3 g6 3. g3 Bg7 4. d4 O-O 5. Bg2 d6 6. Nf3 Nbd7 7. O-O e5 8. Re1
c6 9. b3 exd4 10. Nxd4 Qb6 11. Na4 Qa5 12. Bd2 Qh5 13. e3 Nc5 14. Qxh5 Nxh5 15.
Nc3 Ne6 16. Nde2 Nf6 17. Rad1 Nc5 18. Bc1 Rd8 19. e4 Be6 20. h3 a5 21. Nd4 Nfd7
22. f4 Nb6 23. Be3 a4 24. Re2 axb3 25. axb3 Nbd7 26. f5 gxf5 27. exf5 Bxd4 28.
Rxd4 Bxf5 29. b4 Na4 30. Nd1 Ne5 31. Bg5 Re8 32. Rf2 Be6 33. Ne3 Nb6 34. Rff4
Ng6 35. Rf2 Ne5 36. Bf1 Ra4 37. Rxd6 Rxb4 38. c5 Nd5 39. Nf5 Bxf5 40. Rxf5 Nc4
41. Bh6 f6 42. Bxc4 Rxc4 43. Rd7 Rb4 44. g4 Rb1+ 45. Kf2 Rb2+ 46. Kg3 Rb3+ 47.
Kh4 Rc3 48. Rg7+ Kh8 49. Rxb7 Kg8 50. Rf1 Rxc5 51. Rg7+ Kh8 52. Ra1 f5 53. Raa7
Nf6 54. Rgf7 fxg4 55. Rxf6 gxh3 56. Rff7 Rc4+ 57. Kxh3 Rc3+ 58. Kg4 1-0

[Event "Acropolis 2007"]
[Site "Athens"]
[Date "2007.08.22"]
[Round "9.18"]
[White "Karagiannis, Athanasios"]
[Black "Melia, Salome"]
[Result "1-0"]
[WhiteElo "2349"]
[BlackElo "2372"]
[Annotator "Michailidis Anastasios"]
[PlyCount "123"]
[EventDate "2007.08.14"]
[Source "Greek Chess Fed"]

1. d4 Nf6 2. c4 e6 3. Nf3 d5 4. e3 c5 5. Nc3 cxd4 6. exd4 Bb4 7. Bd2 dxc4 8.
Bxc4 O-O 9. O-O Nbd7 10. a3 Bd6 11. Qe2 a6 12. Rfe1 Re8 13. Rad1 b5 14. Ba2 Bb7
15. Ne5 b4 16. axb4 Bxb4 17. Bg5 Qa5 18. Bb1 Bxc3 19. bxc3 Qxc3 20. Rd3 Qa5 21.
Rg3 Rac8 22. h4 Qd5 23. h5 Rc3 24. Be3 Nf8 25. Rg5 h6 26. Rg3 Ne4 27. Bxe4 Qxe4
28. Rg4 Qh7 29. Qb2 Rc7 30. Qd2 Kh8 31. Rc1 Rce7 32. Qb4 Qf5 33. Qd6 Qxh5 34.
Rc7 Rxc7 35. Qxc7 Bd5 36. Nxf7+ Kh7 37. Ne5 Ng6 38. Rxg6 Qd1+ 39. Kh2 Qh5+ 40.
Kg3 Qxg6+ 41. Nxg6 Kxg6 42. Bf4 Rf8 43. Be5 Rf7 44. Qc2+ Rf5 45. f4 h5 46. Kh3
a5 47. Qc3 Rf7 48. Qxa5 Rb7 49. Qd8 Kh7 50. Qg5 Kg8 51. f5 Kf8 52. Kh4 Rd7 53.
Kxh5 exf5 54. Bxg7+ Ke8 55. Qxf5 Kd8 56. Qf8+ Kc7 57. Be5+ Kb7 58. g4 Bc6 59.
Kh6 Be4 60. Qb8+ Ka6 61. Qc8+ Rb7 62. g5 1-0

[Event "Acropolis 2007"]
[Site "Athens"]
[Date "2007.08.22"]
[Round "9.19"]
[White "Barsov, Alexei"]
[Black "Kadimova, Ilaha"]
[Result "1-0"]
[WhiteElo "2517"]
[BlackElo "2316"]
[Annotator "Michailidis Anastasios"]
[PlyCount "93"]
[EventDate "2007.08.14"]
[Source "Greek Chess Fed"]

1. d4 d5 2. c4 c6 3. Nf3 Nf6 4. Nc3 e6 5. Bg5 h6 6. Bxf6 Qxf6 7. g3 Nd7 8. Bg2
dxc4 9. O-O Be7 10. Ne4 Qf5 11. Nfd2 e5 12. Nxc4 Qe6 13. d5 cxd5 14. Ned6+ Bxd6
15. Bxd5 Qf6 16. Bxb7 Bxb7 17. Nxd6+ Ke7 18. Nxb7 Rhb8 19. Na5 Rxb2 20. Rc1 Qe6
21. Rc6 Qxa2 22. Qd6+ Ke8 23. Rd1 Qe6 24. Qc7 Qe7 25. Nc4 Rbb8 26. Nd6+ Kf8 27.
Nc8 Rxc8 28. Qxc8+ Rxc8 29. Rxc8+ Qe8 30. Rxe8+ Kxe8 31. Ra1 h5 32. Rxa7 Ke7
33. f3 Ke6 34. Ra6+ Ke7 35. Kf2 f6 36. Ke3 Kf7 37. Rd6 Nc5 38. Rd5 Ne6 39. Rd7+
Kg6 40. Re7 Nd4 41. Kd3 Kh6 42. Rd7 Ne6 43. Rd6 Ng5 44. h4 Nf7 45. Rd7 Kg6 46.
e4 Nh6 47. Kc4 1-0

[Event "Acropolis 2007"]
[Site "Athens"]
[Date "2007.08.22"]
[Round "9.21"]
[White "Nikolaou, Georgios"]
[Black "Erturan, Yakup"]
[Result "1-0"]
[WhiteElo "2257"]
[BlackElo "2389"]
[Annotator "Michailidis Anastasios"]
[PlyCount "67"]
[EventDate "2007.08.14"]
[Source "Greek Chess Fed"]

1. Nf3 c5 2. c4 g6 3. Nc3 Bg7 4. g3 Nc6 5. Bg2 Nf6 6. d4 cxd4 7. Nxd4 O-O 8.
O-O Nxd4 9. Qxd4 d6 10. b3 Be6 11. Bb2 Nd7 12. Qd2 Rb8 13. Rfd1 a6 14. Nd5 Bxb2
15. Qxb2 Bxd5 16. Rxd5 b5 17. cxb5 axb5 18. b4 Qb6 19. Rd2 Rfc8 20. Bh3 e6 21.
Rad1 d5 22. e4 Qd6 23. exd5 Ne5 24. Qb3 Nc4 25. Rd3 e5 26. Bxc8 Rxc8 27. Rc3
Qa6 28. d6 Rd8 29. d7 Qc6 30. a4 Qb7 31. axb5 Nb6 32. Rc6 Rxd7 33. Rxd7 Nxd7
34. Qd5 1-0

[Event "Acropolis 2007"]
[Site "Athens"]
[Date "2007.08.22"]
[Round "9.26"]
[White "Seretakis, Nikolas"]
[Black "Chigladze, Iveri"]
[Result "0-1"]
[WhiteElo "2233"]
[BlackElo "2341"]
[Annotator "Michailidis Anastasios"]
[PlyCount "156"]
[EventDate "2007.08.14"]
[Source "Greek Chess Fed"]

1. e4 Nf6 2. e5 Nd5 3. d4 d6 4. c4 Nb6 5. exd6 exd6 6. Nc3 g6 7. Nf3 Bg7 8. Bg5
Qd7 9. Qe2+ Qe6 10. Nb5 Na6 11. Rc1 O-O 12. Qxe6 Bxe6 13. h3 Rfe8 14. Be3 Bf8
15. a3 d5 16. c5 Nc4 17. Bxc4 dxc4 18. O-O c6 19. Nd6 Bxd6 20. cxd6 Rad8 21.
Bf4 Nb8 22. Nd2 b5 23. Ne4 Nd7 24. Bg5 Rb8 25. Nf6+ Nxf6 26. Bxf6 Rb7 27. Rfe1
Rd7 28. Be5 Rf8 29. Bf4 Kg7 30. Re3 a5 31. g4 h6 32. Bg3 Rfd8 33. Rce1 Ra8 34.
Be5+ Kg8 35. f4 Rf8 36. Bf6 Rxd6 37. Be7 Rxd4 38. Bxf8 Kxf8 39. Re4 Rd8 40. Re5
Rb8 41. R1e3 b4 42. Re2 bxa3 43. bxa3 Bd5 44. Kf2 a4 45. R5e3 Rb1 46. Rc2 Rh1
47. Rcc3 Rh2+ 48. Ke1 Kg7 49. Kd1 Rf2 50. Re8 Rxf4 51. Ra8 f5 52. gxf5 gxf5 53.
Rxa4 Rf2 54. Ra7+ Kf6 55. Rh7 Kg6 56. Rc7 Kg5 57. Rg7+ Kh4 58. Rg6 h5 59. Ke1
Rb2 60. Rf6 Kg5 61. Rf8 f4 62. Re8 Kf5 63. Rh8 Ke4 64. Rxh5 Kd4 65. Rc1 Rh2 66.
Rf5 Rh1+ 67. Kd2 c3+ 68. Rxc3 Rh2+ 69. Kd1 Kxc3 70. Rxf4 Bc4 71. Rf3+ Bd3 72.
Ke1 Rh1+ 73. Kf2 Rf1+ 74. Ke3 Rxf3+ 75. Kxf3 c5 76. Ke3 c4 77. h4 Bh7 78. a4
Kb2 0-1

[Event "Acropolis 2007"]
[Site "Athens"]
[Date "2007.08.22"]
[Round "9.27"]
[White "Burtasova, Anna"]
[Black "Exizoglou, Dimitrios"]
[Result "0-1"]
[WhiteElo "2337"]
[BlackElo "2224"]
[Annotator "Michailidis Anastasios"]
[PlyCount "128"]
[EventDate "2007.08.14"]
[Source "Greek Chess Fed"]

1. e4 c5 2. c3 d5 3. exd5 Qxd5 4. d4 Nf6 5. Nf3 e6 6. Na3 Be7 7. Be3 cxd4 8.
Nb5 Na6 9. Qa4 O-O 10. Bxd4 Qe4+ 11. Be2 Nc5 12. Qd1 Bd7 13. O-O Rfd8 14. b4
Bxb5 15. Bxb5 Ncd7 16. Re1 Qf4 17. Qe2 Rac8 18. a3 Qc7 19. Ng5 Bd6 20. g3 e5
21. Qa2 Rf8 22. Be3 h6 23. Nf3 Rfd8 24. c4 e4 25. Nd4 a6 26. c5 Be5 27. Bc4
Nxc5 28. Rad1 Na4 29. Ne6 fxe6 30. Bxe6+ Kh8 31. Bxc8 Rxd1 32. Rxd1 Nc3 33. Qe6
Nxd1 34. Bb6 Qc6 35. Qxc6 bxc6 36. Bxa6 Nd7 37. Ba7 c5 38. Bc8 cxb4 39. axb4
Nb8 40. Bb7 Nc3 41. Kf1 Bd6 42. Ke1 Nd7 43. Bc6 Bxb4 44. Bxd7 Nb5+ 45. Ke2 Nxa7
46. Ke3 Kg8 47. Kxe4 Kf7 48. f4 Ke7 49. Ba4 Nc8 50. Kf5 Nd6+ 51. Kg6 Kf8 52. f5
Bc3 53. g4 Bf6 54. Kh5 Bd8 55. Bc6 Nc4 56. h4 Ne5 57. Bb7 Nf7 58. Bd5 Nd6 59.
Bc6 Kf7 60. Bd5+ Kf6 61. Bc6 Ba5 62. Bg2 Bd2 63. Bd5 Ne8 64. Bc6 g6+ 0-1